| 000 | 00635cjm a22002295a 4500 | ||
|---|---|---|---|
| 001 | 13671643 | ||
| 003 | PILC | ||
| 005 | 20150522150206.0 | ||
| 007 | sd fsngnnmmned | ||
| 008 | 040730s2003 vauuun | ||
| 035 | _a(DLC)13671643 | ||
| 040 |
_aDLC _cDLC |
||
| 050 | 0 | 0 |
_aBF 637.S4 _b.C712 1969 |
| 100 | 1 | _aCollins, Vincent P. | |
| 245 | 1 | 0 |
_aMe, myself and you / _cVincent P. Collins. |
| 260 |
_aUSA : _bAbbey Press, _c1969. |
||
| 300 |
_a124 pages ; _b19 cm. |
||
| 650 | _aSelf actualization. | ||
| 906 |
_a0 _bibc _csrrepla _d3 _encip _f20 _gy-genmusic |
||
| 942 |
_2lcc _cBK _kFOR |
||
| 999 |
_c284317 _d284317 |
||